SPSS 11 guía para el análisis de datos
| Main Authors: | , |
|---|---|
| Format: | Section = Libro |
| Language: | Undetermined Spanish |
| Published: |
España
México
2002
|
| Subjects: |
| LEADER | 00692nam a2200241Ia 4500 | ||
|---|---|---|---|
| 008 | 240830s9999 xx 000 0 und d | ||
| 020 | |a 84-481-3750-7 | ||
| 040 | |a B-ESTELÍ- RUACS / 005.369 P226 | ||
| 041 | |a spa | ||
| 082 | |a 005.369 P226 | ||
| 100 | 1 | |a Pardo, Antonio | |
| 100 | 1 | |b Ruiz, Miguel Ángel | |
| 245 | 1 | 0 | |a SPSS 11 guía para el análisis de datos |
| 260 | |a España |b México |c 2002 | ||
| 300 | |a 715 p. :il | ||
| 650 | 7 | |a PROGRAMAS ESPECIFICOS - SPSS | |
| 650 | 7 | |b ESTRUCTURAS -SPSS | |
| 650 | 7 | |c ANÁLISIS ESTADISTICOS - SPSS | |
| 650 | 7 | |d ANÁLISIS DE VARIANZA | |
| 650 | 7 | |e ANÁLISIS DE CORRELACION LINEAL | |
| 942 | |c BK |2 ddc | ||
| 991 | |a TEXTO | ||
| 999 | |c 10578 | ||